000
00266nam a22001097a 4500
008
211029b ||||| |||| 00| 0 eng d
050
_a
200
_b
1
245
_a
Daily Bread 2021
260
_a
Chennai
_b
Bible Ministries Department
_c
2021
300
_a
1
942
_2
ddc
_c
BK
999
_c
11863
_d
11863